| 000 | 00539 a2200181 4500 | ||
|---|---|---|---|
| 001 | 068775 | ||
| 003 | OSt | ||
| 005 | 20220319134154.0 | ||
| 008 | |||
| 082 |
_a001.42 _bM56M |
||
| 245 | 1 |
_aMethods in development research _cedited by Jeremy Holland and John Campbell |
|
| 260 |
_aUK _bITDG Publication _c2006 |
||
| 300 | _a290p. | ||
| 690 | _aManagement science; Economic development--Research--Methodology | ||
| 700 |
_aHolland, Jeremy _eEditor |
||
| 700 |
_aCampbell, John _eEditor |
||
| 942 |
_2ddc _cBK |
||
| 999 |
_c2425 _d2425 |
||